A Brief History of Economic Thought; From the Mercantilists to the Post Keynesians (Record no. 43439)

MARC details
000 -LEADER
fixed length control field 00544nam a22001817a 4500
005 - DATE AND TIME OF LATEST TRANSACTION
control field 20250327124520.0
008 - FIXED-LENGTH DATA ELEMENTS--GENERAL INFORMATION
fixed length control field 250327b |||||||| |||| 00| 0 eng d
020 ## - INTERNATIONAL STANDARD BOOK NUMBER
International Standard Book Number A Brief History of Economic Thought
041 ## - LANGUAGE CODE
Language code of text/sound track or separate title eng
082 ## - DEWEY DECIMAL CLASSIFICATION NUMBER
Classification number 330.150 BOU
100 ## - MAIN ENTRY--PERSONAL NAME
Author Bougrine, Hassan
245 ## - TITLE STATEMENT
Title A Brief History of Economic Thought; From the Mercantilists to the Post Keynesians
260 ## - PUBLICATION, DISTRIBUTION, ETC.
Place UK
Publisher Edward Elgar Pub.
Publication Year 2022
300 ## - PHYSICAL DESCRIPTION
Extent 285;. pages: 24 cm
650 ## - SUBJECT ADDED ENTRY--TOPICAL TERM
Subject Economics; History
700 ## - ADDED ENTRY--PERSONAL NAME
Co-Author Rochon, Louis-Philippe
942 ## - ADDED ENTRY ELEMENTS (KOHA)
Koha item type Books
Holdings
Withdrawn status Lost status Source of classification or shelving scheme Damaged status Not for loan Home library Current library Shelving location Accession Date Vendor Price Bill number Total Checkouts Full call number Barcode No Date due Date last seen Date last checked out Discount Bill Date Koha item type Suggested By
    Dewey Decimal Classification     IMTN IMTN Rack 8-A 03/24/2025 Raghav Books Private Limited 4557.74 2374 1 330.150 BOU 33730 11/19/2025 05/23/2025 05/23/2025 33 02/14/2025 Books Dr. Veena Pailwar
Designed & Maintained by: LRC IMT Nagpur Contact: lrc@imtnag.ac.in© 2024. All Rights Reserved.